External relations of the EU: focus on the North sea region

Makroregionálne stratégie EÚ. Geostratégie Veľkej Británie, Nemecka a Francúzska.

Salvato in:
Dettagli Bibliografici
Autore principale: Kovačević, Dubravka
Altri autori: Čiderová, Denisa, 1977-
Natura: Capitolo di libro
Lingua:inglese
Soggetti:
Tags: Aggiungi Tag
Nessun Tag, puoi essere il primo ad aggiungerne!!

MARC

LEADER 00000naa$a2200000$$$4500
001 0220697
005 20240502083547.9
041 0 |a eng 
044 |a BG 
245 1 0 |a External relations of the EU: focus on the North sea region  |c Dubravka Kovačević, Denisa Čiderová 
520 |a Makroregionálne stratégie EÚ. Geostratégie Veľkej Británie, Nemecka a Francúzska. 
610 2 0 |a geopolitika 
610 2 0 |a makroregióny 
610 2 0 |a more 
100 1 |a Kovačević, Dubravka 
700 1 |a Čiderová, Denisa, 1977-